|
|
|
|
| LEADER |
00000nam0a2200000 4500 |
| 001 |
17565 |
| 005 |
20231030190937.0 |
| 035 |
|
|
|a (RuTPU)RU\TPU\book\17709
|
| 035 |
|
|
|a BOOK00017778
|
| 090 |
|
|
|a 17565
|
| 100 |
|
|
|a 20011209d1981 km y0rusy50 ca
|
| 101 |
1 |
|
|a rus
|c ger
|
| 102 |
|
|
|a RU
|
| 105 |
|
|
|a y z 000zb
|
| 200 |
1 |
|
|a Гинденбург. Портрет германского милитариста
|e пер. с нем.
|f В. Руге
|
| 210 |
|
|
|a Москва
|c Мысль
|d 1981
|
| 215 |
|
|
|a 429 с.
|
| 225 |
1 |
|
|a Библиотечная серия
|
| 600 |
|
1 |
|a Гинденбург
|b П. фон
|c президент Германии с 1925
|f 1847-1934
|g Пауль
|2 stltpush
|3 (RuTPU)RU\TPU\pers\13104
|
| 610 |
1 |
|
|a история
|
| 610 |
1 |
|
|a Германия
|
| 610 |
1 |
|
|a 20 век
|
| 610 |
1 |
|
|a военная история
|
| 610 |
1 |
|
|a милитаризм
|
| 686 |
|
|
|a Т3(4Г)
|v LBC/SL-A
|2 rubbk
|
| 700 |
|
1 |
|a Руге
|b В.
|g Вольфганг
|
| 801 |
|
0 |
|a RU
|b 63413507
|c 20011209
|g PSBO
|
| 801 |
|
2 |
|a RU
|b 63413507
|c 20190123
|g PSBO
|
| 942 |
|
|
|c BK
|